[Event "Bergen Sommer op"]
[Site "Bergen"]
[Date "2017.07.29"]
[Round "2"]
[White "Tjensvoll, Tore"]
[Black "Kovachev, Daniel Jakobsen"]
[Result "0-1"]
[WhiteElo "1962"]
[BlackElo "2308"]
[PlyCount "80"]
[EventDate "2017.07.28"]
[EventType "swiss"]
[EventRounds "5"]
[EventCountry "NOR"]
[SourceTitle "CBM 179 Extra"]
[Source "ChessBase"]
[SourceDate "2017.08.23"]
[SourceVersion "1"]
[SourceVersionDate "2017.08.23"]
[SourceQuality "1"]

1. d4 e6 2. c4 Nf6 3. Nc3 Bb4 4. e3 0-0 5. Bd3 d5 6. Nf3 c5 7. 0-0 Nc6 8. a3 Bxc3 9. bxc3 Re8 10. Qc2 Qc7 11. h3 h6 12. Re1 b6 13. Bb2 Ba6 14. Nd2 Na5 15. cxd5 Bxd3 16. Qxd3 exd5 17. e4 c4 18. Qf3 Nb3 19. Nxb3 dxe4 20. Qd1 cxb3 21. Qxb3 Rac8 22. a4 Qc4 23. Ra3 a6 24. Bc1 Nd5 25. Bd2 f5 26. Qd1 Re6 27. Qh5 Rf8 28. Qe2 Qxe2 29. Rxe2 Rc8 30. g3 Kf7 31. Re1 g5 32. Rc1 Rc4 33. Kf1 Kg6 34. Ke2 f4 35. gxf4 gxf4 36. Rg1+ Kf5 37. Rg8 e3 38. fxe3 fxe3 39. Be1 Nf4+ 40. Kf3 Nd3 0-1

[Event "NOR-ch Mester"]
[Site "Stavanger"]
[Date "2017.07.06"]
[Round "7"]
[White "Kovachev, Daniel Jakobsen"]
[Black "Kvisla, Johannes Luangtep"]
[Result "1-0"]
[WhiteElo "2308"]
[BlackElo "2258"]
[PlyCount "67"]
[EventDate "2017.07.01"]
[EventType "swiss"]
[EventRounds "9"]
[EventCountry "NOR"]
[SourceTitle "EXT 2018"]
[Source "ChessBase"]
[SourceDate "2017.10.13"]
[SourceVersion "1"]
[SourceVersionDate "2017.10.13"]
[SourceQuality "1"]

1. e4 c6 2. Nc3 d5 3. Nf3 a6 4. d4 Bg4 5. h3 Bxf3 6. Qxf3 e6 7. Bd3 Nf6 8. e5 Nfd7 9. Ne2 c5 10. c3 Nc6 11. 0-0 Rc8 12. a3 Qh4 13. g3 Qd8 14. b4 cxd4 15. cxd4 f5 16. Nf4 Qe7 17. Be3 Qf7 18. Nxe6 Qxe6 19. Bxf5 Qe7 20. Qxd5 g6 21. Bg5 Nb6 22. Bxe7 Nxd5 23. Bxc8 Ndxe7 24. Bxb7 Nxd4 25. Bxa6 Nf3+ 26. Kg2 Nxe5 27. a4 Kd8 28. a5 N7c6 29. b5 Nb4 30. Rfd1+ Kc7 31. Rac1+ Nec6 32. b6+ Kb8 33. Rd8+ Nxd8 34. Rc8# 1-0

[Event "Oslo Sveins op 10th"]
[Site "Oslo"]
[Date "2017.06.24"]
[Round "2"]
[White "Kovachev, Daniel Jakobsen"]
[Black "Hansen, Lars Henrik Bech"]
[Result "1-0"]
[WhiteElo "2308"]
[BlackElo "2019"]
[PlyCount "53"]
[EventDate "2017.06.23"]
[EventType "swiss"]
[EventRounds "9"]
[EventCountry "NOR"]
[SourceTitle "CBM 179 Extra"]
[Source "ChessBase"]
[SourceDate "2017.08.23"]
[SourceVersion "1"]
[SourceVersionDate "2017.08.23"]
[SourceQuality "1"]

1. d4 g6 2. e4 d6 3. Nf3 Nf6 4. Nbd2 Bg7 5. c3 0-0 6. Be2 e5 7. dxe5 dxe5 8. 0-0 Qe7 9. Qc2 b6 10. a4 Bb7 11. b3 Nbd7 12. Ba3 c5 13. Rfe1 Rfe8 14. Bc4 Nh5 15. Nf1 Nf4 16. Ne3 Nf6 17. Ng5 N6d5 18. Nxf7 Nxe3 19. Rxe3 Ne6 20. Bxe6 Qxe6 21. Ng5 Qg4 22. Rg3 Qh4 23. Qe2 Bf6 24. Qc4+ Kh8 25. Nf7+ Kg7 26. Nd6 Re7 27. Nf5+ 1-0

[Event "Oslo Sveins op 10th"]
[Site "Oslo"]
[Date "2017.06.23"]
[Round "1"]
[White "Enersen, Eirik S"]
[Black "Kovachev, Daniel Jakobsen"]
[Result "0-1"]
[WhiteElo "1705"]
[BlackElo "2308"]
[PlyCount "100"]
[EventDate "2017.06.23"]
[EventType "swiss"]
[EventRounds "9"]
[EventCountry "NOR"]
[SourceTitle "CBM 179 Extra"]
[Source "ChessBase"]
[SourceDate "2017.08.23"]
[SourceVersion "1"]
[SourceVersionDate "2017.08.23"]
[SourceQuality "1"]

1. e4 e6 2. Nf3 d5 3. Nc3 d4 4. Ne2 c5 5. c3 dxc3 6. bxc3 Nf6 7. Ng3 Be7 8. Bb5+ Bd7 9. Bxd7+ Qxd7 10. 0-0 Nc6 11. Qe2 0-0 12. Bb2 Rac8 13. Rab1 Rfd8 14. Ba3 b6 15. Rfd1 Na5 16. d3 Qa4 17. Bc1 b5 18. Bf4 b4 19. c4 Nc6 20. Be5 Nxe5 21. Nxe5 Nd7 22. Nxd7 Rxd7 23. e5 Rd4 24. Ne4 Rcd8 25. f3 Qd7 26. Nf2 a5 27. a3 a4 28. Ra1 Kh8 29. Qc2 b3 30. Qc3 f5 31. g3 g5 32. Qb2 Kg7 33. Qe2 h5 34. Rab1 Qc6 35. h3 Rf8 36. Rb2 h4 37. g4 Rf4 38. gxf5 R8xf5 39. Ne4 Qc7 40. Rf1 Qxe5 41. Rbb1 Bd6 42. Qg2 Be7 43. Rbe1 Qd4+ 44. Nf2 Rxf3 45. Re4 Qf6 46. Rg4 b2 47. Qh2 Rxf2 48. Qxf2 Rxf2 49. Rxf2 b1Q+ 50. Kg2 Qfa1 0-1

[Event "Oslo Nordstrand op"]
[Site "Oslo"]
[Date "2017.04.22"]
[Round "2"]
[White "Kovachev, Daniel Jakobsen"]
[Black "Sousa, Ludy Helsio Paulo"]
[Result "1-0"]
[WhiteElo "2314"]
[BlackElo "2152"]
[PlyCount "113"]
[EventDate "2017.04.21"]
[EventType "swiss"]
[EventRounds "5"]
[EventCountry "NOR"]
[SourceTitle "CBM 178 Extra"]
[Source "ChessBase"]
[SourceDate "2017.06.22"]
[SourceVersion "1"]
[SourceVersionDate "2017.06.22"]
[SourceQuality "1"]

1. e4 c5 2. Nf3 a6 3. c3 d6 4. d4 Nd7 5. a4 Qc7 6. a5 Ngf6 7. Nbd2 e5 8. dxe5 Nxe5 9. Nxe5 dxe5 10. Bc4 Be7 11. Qe2 0-0 12. Nf1 Qc6 13. Bg5 Be6 14. Bxe6 fxe6 15. Nd2 Rf7 16. 0-0 Bd6 17. Rfe1 Bc7 18. Nc4 Rd8 19. Bh4 Rdf8 20. Bg3 Nd7 21. Red1 Qb5 22. Rd2 Re7 23. h4 h6 24. h5 Nf6 25. Bh4 Rd7 26. Rxd7 Nxd7 27. Kf1 Nb8 28. Bg3 Nc6 29. Rd1 Rd8 30. Rxd8+ Bxd8 31. Nxe5 Nxe5 32. Bxe5 Qxe2+ 33. Kxe2 Bxa5 34. c4 b5 35. Kd3 Kf7 36. b3 Bd8 37. f4 Bh4 38. g4 g6 39. Bd6 Bf2 40. Bc7 gxh5 41. gxh5 Bd4 42. Bb6 b4 43. e5 Ke7 44. Bc7 Bf2 45. Bd6+ Kf7 46. Bc7 Ke7 47. Ke4 Kd7 48. Bd6 a5 49. Bf8 Ke8 50. Bxh6 Kf7 51. Bg5 Be1 52. Bd8 Kg7 53. Bxa5 Kh6 54. Bb6 Bf2 55. f5 Kxh5 56. fxe6 Kg6 57. Kd5 1-0

[Event "EU-Cup 32nd"]
[Site "Novi Sad"]
[Date "2016.11.06"]
[Round "1.4"]
[White "Korobov, Anton"]
[Black "Kovachev, Daniel Jakobsen"]
[Result "1-0"]
[WhiteElo "2689"]
[BlackElo "2309"]
[PlyCount "68"]
[EventDate "2016.11.06"]
[EventType "team-swiss"]
[EventRounds "7"]
[EventCountry "SRB"]
[SourceTitle "CBM 176"]
[Source "ChessBase"]
[SourceDate "2017.01.17"]
[SourceVersion "1"]
[SourceVersionDate "2017.01.17"]
[SourceQuality "1"]
[WhiteTeam "Siberia"]
[BlackTeam "Oslo Schakselskap"]
[WhiteTeamCountry "RUS"]
[BlackTeamCountry "NOR"]

1. d4 Nf6 2. c4 e6 3. Nc3 d5 4. Bg5 Nbd7 5. e3 Be7 6. Nf3 c6 7. Qc2 h6 8. Bh4 Nh5 9. Bxe7 Qxe7 10. Bd3 Nhf6 11. 0-0 0-0 12. Rad1 b6 13. e4 dxe4 14. Nxe4 c5 15. dxc5 Nxc5 16. Nxf6+ Qxf6 17. Be2 Bb7 18. b4 Be4 19. Qd2 Na4 20. Rc1 a5 21. Qe3 Bh7 22. Ne5 Rfd8 23. a3 Rac8 24. Rfd1 Qg5 25. f4 Qf5 26. Rxd8+ Rxd8 27. c5 bxc5 28. bxc5 Qe4 29. Qxe4 Bxe4 30. Rc4 Nxc5 31. Rxc5 f6 32. Nf3 g5 33. Bc4 Rd6 34. f5 g4 1-0

[Event "Helsingor Xtracon op"]
[Site "Helsingor"]
[Date "2016.07.31"]
[Round "10"]
[White "Klings, Peter"]
[Black "Kovachev, Daniel Jakobsen"]
[Result "1/2-1/2"]
[WhiteElo "2133"]
[BlackElo "2315"]
[PlyCount "62"]
[EventDate "2016.07.23"]
[EventType "swiss"]
[EventRounds "10"]
[EventCountry "DEN"]
[SourceTitle "CBM 173 Extra"]
[Source "ChessBase"]
[SourceDate "2016.08.29"]
[SourceVersion "1"]
[SourceVersionDate "2016.08.29"]
[SourceQuality "1"]

1. Nf3 d5 2. g3 c6 3. Bg2 Bf5 4. 0-0 e6 5. d3 Nf6 6. b3 h6 7. Bb2 Be7 8. Nbd2 0-0 9. c4 a5 10. a3 Nbd7 11. Qc2 Bh7 12. Rac1 Bd6 13. Rce1 Qe7 14. Qc1 e5 15. e4 dxe4 16. Nxe4 Nxe4 17. dxe4 Nc5 18. Qc2 f5 19. Nd2 f4 20. b4 axb4 21. axb4 Ne6 22. c5 Bc7 23. Nf3 Ng5 24. Qc3 Nxf3+ 25. Bxf3 g5 26. Bg4 Bg6 27. Rd1 Rad8 28. Qc4+ Bf7 29. Qe2 Rxd1 30. Rxd1 Rd8 31. Bf5 Rxd1+ 1/2-1/2

[Event "Helsingor Xtracon op"]
[Site "Helsingor"]
[Date "2016.07.27"]
[Round "6"]
[White "Kovachev, Daniel Jakobsen"]
[Black "Marin, Mihail"]
[Result "1/2-1/2"]
[WhiteElo "2315"]
[BlackElo "2576"]
[PlyCount "64"]
[EventDate "2016.07.23"]
[EventType "swiss"]
[EventRounds "10"]
[EventCountry "DEN"]
[SourceTitle "CBM 173 Extra"]
[Source "ChessBase"]
[SourceDate "2016.08.29"]
[SourceVersion "1"]
[SourceVersionDate "2016.08.29"]
[SourceQuality "1"]

1. Nf3 Nf6 2. g3 g6 3. Bg2 Bg7 4. 0-0 0-0 5. c4 d6 6. d4 Nbd7 7. Nc3 e5 8. e4 c6 9. b3 a6 10. dxe5 dxe5 11. Ba3 Re8 12. Bd6 Bf8 13. Re1 Bxd6 14. Qxd6 Qe7 15. Rad1 Kg7 16. Bh3 Qxd6 17. Rxd6 Nf8 18. Bxc8 Raxc8 19. Kf1 N6d7 20. Red1 Rc7 21. Ke2 Re7 22. Ke3 a5 23. Ne1 Ne6 24. R6d2 Nec5 25. Nd3 h5 26. Nxc5 Nxc5 27. Rd8 Red7 28. Ra8 Rxd1 29. Nxd1 b6 30. Rb8 Nd7 31. Ra8 Nc5 32. Rb8 Nd7 1/2-1/2

[Event "NOR-ch"]
[Site "Tromsoe"]
[Date "2016.07.13"]
[Round "6"]
[White "Hauge, Lars Oskar"]
[Black "Kovachev, Daniel Jakobsen"]
[Result "1-0"]
[WhiteElo "2386"]
[BlackElo "2315"]
[PlyCount "53"]
[EventDate "2016.07.09"]
[EventType "swiss"]
[EventRounds "9"]
[EventCountry "NOR"]
[SourceTitle "CBM 173 Extra"]
[Source "ChessBase"]
[SourceDate "2016.08.29"]
[SourceVersion "1"]
[SourceVersionDate "2016.08.29"]
[SourceQuality "1"]

1. e4 e5 2. Nf3 d6 3. d4 exd4 4. Nxd4 Nf6 5. Nc3 Be7 6. Be2 0-0 7. 0-0 Nc6 8. Nxc6 bxc6 9. f4 Re8 10. Bf3 Rb8 11. b3 Bb7 12. Bb2 Bf8 13. Qd2 c5 14. Rfe1 Bc6 15. Qf2 Nd7 16. Rad1 Qc8 17. Qg3 Qb7 18. Nd5 Bxd5 19. Rxd5 c4 20. Bxg7 Bxg7 21. Rg5 Qb6+ 22. Kf1 Qd4 23. e5 Kh8 24. Rxg7 dxe5 25. Be4 Nf6 26. Rxf7 Rg8 27. Qh4 1-0

[Event "NOR-ch"]
[Site "Tromsoe"]
[Date "2016.07.11"]
[Round "4"]
[White "Urkedal, Frode Olav Olsen"]
[Black "Kovachev, Daniel Jakobsen"]
[Result "1/2-1/2"]
[WhiteElo "2557"]
[BlackElo "2315"]
[PlyCount "159"]
[EventDate "2016.07.09"]
[EventType "swiss"]
[EventRounds "9"]
[EventCountry "NOR"]
[SourceTitle "CBM 173 Extra"]
[Source "ChessBase"]
[SourceDate "2016.08.29"]
[SourceVersion "1"]
[SourceVersionDate "2016.08.29"]
[SourceQuality "1"]

1. d4 g6 2. e4 Bg7 3. Nf3 d6 4. Be2 Nc6 5. Nc3 Bg4 6. d5 Nb8 7. Bg5 c6 8. Qd2 Qa5 9. 0-0 Nf6 10. h3 Bxf3 11. Bxf3 0-0 12. Rfe1 Qc7 13. Be2 Nbd7 14. Bf1 Rfe8 15. Rad1 Rac8 16. Rc1 a6 17. dxc6 Qxc6 18. Nd5 Nxd5 19. exd5 Qc7 20. c3 Bf6 21. Bh6 Nc5 22. g3 b5 23. h4 Qb7 24. Re3 a5 25. Bh3 Rc7 26. Rf3 b4 27. Rxf6 exf6 28. Qd4 Ne4 29. Bg2 bxc3 30. bxc3 Qa7 31. Qxa7 Rxa7 32. c4 f5 33. Bf4 Rd8 34. h5 Rc7 35. h6 f6 36. g4 Kf7 37. gxf5 gxf5 38. Bh3 Kg6 39. Be3 Rdc8 40. Kh2 Ng5 41. Bf1 Rb8 42. Kg3 Rb2 43. Bd3 Rxa2 44. Kf4 Ra4 45. Bxf5+ Kxh6 46. Bd3 Ra3 47. Rd1 Kg7 48. Kf5 Nf7 49. Ke6 Kf8 50. Kxf6 Ne5 51. Be2 Nxc4 52. Bxc4 Rxc4 53. Ke6 Rcc3 54. Bf4 Ra2 55. Bxd6+ Ke8 56. Be5 Rh3 57. f4 Rh6+ 58. Kf5 Kd7 59. Rb1 Rd2 60. Rb7+ Kc8 61. Rc7+ Kd8 62. d6 Rdxd6 63. Bxd6 Rxd6 64. Rxh7 Ke8 65. Ra7 Rb6 66. Kg5 Kf8 67. f5 a4 68. Rxa4 Kf7 69. Ra7+ Kf8 70. Ra5 Kf7 71. Ra8 Rc6 72. Rh8 Ra6 73. Rh7+ Kg8 74. Re7 Kf8 75. Re6 Rxe6 76. fxe6 Ke7 77. Kf5 Ke8 78. Kf6 Kf8 79. e7+ Ke8 80. Ke6 1/2-1/2

[Event "Oslo Stjernens op"]
[Site "Oslo"]
[Date "2016.06.05"]
[Round "3"]
[White "Tryggestad, Andreas Garberg"]
[Black "Kovachev, Daniel Jakobsen"]
[Result "1/2-1/2"]
[WhiteElo "2127"]
[BlackElo "2316"]
[PlyCount "159"]
[EventDate "2016.06.05"]
[EventType "swiss"]
[EventRounds "6"]
[EventCountry "NOR"]
[SourceTitle "CBM 173 Extra"]
[Source "ChessBase"]
[SourceDate "2016.08.29"]
[SourceVersion "1"]
[SourceVersionDate "2016.08.29"]
[SourceQuality "1"]

1. d4 Nc6 2. Nf3 d6 3. e4 Nf6 4. Nc3 Bg4 5. Be3 e6 6. h3 Bh5 7. Be2 d5 8. e5 Nd7 9. 0-0 Bb4 10. Nh2 Bxc3 11. bxc3 Bxe2 12. Qxe2 0-0 13. f4 f5 14. c4 Nb6 15. cxd5 Qxd5 16. Nf3 Nc4 17. c3 a5 18. Rab1 b6 19. a4 Na7 20. Rfc1 b5 21. Nd2 Nxd2 22. Qxd2 Qc4 23. d5 exd5 24. Bxa7 Rxa7 25. Rxb5 c6 26. Rb6 Qxa4 27. c4 Rd7 28. e6 Re7 29. cxd5 cxd5 30. Qxd5 Qxf4 31. Re1 Rfe8 32. Rb7 Rxb7 33. e7+ Kh8 34. Qxb7 Qd4+ 35. Kh1 Qb4 36. Rb1 Qxb7 37. Rxb7 Kg8 38. Ra7 Kf7 39. Rxa5 g6 40. Kh2 Rxe7 41. Ra6 h6 42. Kg3 Re6 43. Ra5 Kf6 44. Kf3 Rb6 45. Rc5 Rb3+ 46. Kf2 Rb6 47. Kf3 Re6 48. Rb5 Rc6 49. Ra5 g5 50. Rb5 Ra6 51. Rc5 Ra3+ 52. Kf2 Ra6 53. Kf3 h5 54. Rc8 h4 55. Rf8+ Ke5 56. Re8+ Re6 57. Ra8 Rb6 58. Re8+ Kf6 59. Rf8+ Ke6 60. Re8+ Kf7 61. Rh8 Rb3+ 62. Kf2 Kf6 63. Rf8+ Ke5 64. Ra8 Rb2+ 65. Kf3 Rb3+ 66. Kf2 Rd3 67. Ra5+ Rd5 68. Ra8 Kf4 69. Ra4+ Ke5 70. Rb4 Rd4 71. Rb5+ Kf4 72. Rb2 Ra4 73. Re2 g4 74. Rb2 g3+ 75. Ke2 Ra1 76. Rb4+ Kg5 77. Rb8 Ra2+ 78. Ke3 Rxg2 79. Rh8 Kf6 80. Rf8+ 1/2-1/2

[Event "Nordstrand GP"]
[Site "Oslo"]
[Date "2016.04.17"]
[Round "4"]
[White "Skrondal, Inge Sandstad"]
[Black "Kovachev, Daniel Jakobsen"]
[Result "0-1"]
[WhiteElo "2270"]
[BlackElo "2297"]
[PlyCount "118"]
[EventDate "2016.04.15"]
[EventType "swiss"]
[EventRounds "5"]
[EventCountry "NOR"]
[SourceTitle "EXT 2018"]
[Source "ChessBase"]
[SourceDate "2017.10.13"]
[SourceVersion "1"]
[SourceVersionDate "2017.10.13"]
[SourceQuality "1"]

1. d4 d5 2. Nf3 Nf6 3. c4 dxc4 4. Qa4+ c6 5. Qxc4 Bf5 6. Nc3 e6 7. g3 Be7 8. Bg2 Nbd7 9. 0-0 0-0 10. Nh4 Nb6 11. Qb3 Qxd4 12. Rd1 Qc4 13. Nxf5 exf5 14. Qc2 g6 15. Bg5 Rfe8 16. Rac1 Qe6 17. Rd3 Ng4 18. Bxe7 Qxe7 19. Rcd1 Rad8 20. e4 Rxd3 21. Qxd3 fxe4 22. Nxe4 Nd5 23. Qd4 f5 24. Nc5 Ngf6 25. Nd3 a6 26. Bf3 Qg7 27. Nc5 Re7 28. a3 h5 29. b4 Kh7 30. Kf1 g5 31. Qd3 Qg6 32. Re1 Rf7 33. Re6 Nc7 34. Re5 g4 35. Bg2 f4 36. gxf4 Qxd3+ 37. Nxd3 Ncd5 38. Bxd5 cxd5 39. Ke2 Kh6 40. Ke3 h4 41. Kd4 Nh5 42. f5 Kg5 43. Rxd5 Rxf5 44. Rxf5+ Kxf5 45. Ke3 b6 46. a4 Nf6 47. Kd4 Ne4 48. a5 bxa5 49. bxa5 h3 50. Ke3 Ng5 51. Nf4 Ke5 52. Nd3+ Kf5 53. Nf4 Nf7 54. f3 Ne5 55. Nh5 Nxf3 56. Ng3+ Kg5 57. Nf1 Nxh2 58. Nxh2 g3 59. Nf1 Kg4 0-1

[Event "Nordstrand GP"]
[Site "Oslo"]
[Date "2016.04.15"]
[Round "3"]
[White "Kovachev, Daniel Jakobsen"]
[Black "Haug, Johannes"]
[Result "1-0"]
[WhiteElo "2297"]
[BlackElo "2244"]
[PlyCount "81"]
[EventDate "2016.04.15"]
[EventType "swiss"]
[EventRounds "5"]
[EventCountry "NOR"]
[SourceTitle "EXT 2018"]
[Source "ChessBase"]
[SourceDate "2017.10.13"]
[SourceVersion "1"]
[SourceVersionDate "2017.10.13"]
[SourceQuality "1"]

1. e4 e6 2. d4 d5 3. Nd2 c5 4. exd5 Qxd5 5. Ngf3 cxd4 6. Bc4 Qd6 7. 0-0 Nf6 8. Nb3 Nc6 9. Nbxd4 Nxd4 10. Nxd4 Be7 11. c3 0-0 12. Qe2 a6 13. Re1 Qc7 14. Bg5 Nd5 15. Bxe7 Nxe7 16. Rad1 Ng6 17. Bd3 b6 18. Qh5 Bb7 19. Re3 Qc5 20. Qxc5 bxc5 21. Nb3 Rac8 22. Na5 Rb8 23. Bxg6 hxg6 24. c4 Rfd8 25. Rxd8+ Rxd8 26. f3 Ba8 27. Nb3 Rd6 28. Re5 Rd1+ 29. Kf2 Rb1 30. Re2 Kf8 31. Nxc5 a5 32. Nb3 a4 33. Nc5 Bc6 34. Nd3 Ke7 35. Re1 Rxe1 36. Kxe1 Kd6 37. h4 e5 38. Kd2 f5 39. b4 axb3 40. axb3 Be8 41. g3 1-0

[Event "NOR-chB"]
[Site "Oslo"]
[Date "2015.07.10"]
[Round "8"]
[White "Kovachev, Daniel Jakobsen"]
[Black "Aulin Jansson, Joran"]
[Result "1-0"]
[WhiteElo "2256"]
[BlackElo "2174"]
[PlyCount "89"]
[EventDate "2015.07.04"]
[EventType "swiss"]
[EventRounds "9"]
[EventCountry "NOR"]
[SourceTitle "EXT 2017"]
[Source "ChessBase"]
[SourceDate "2016.10.25"]
[SourceVersion "1"]
[SourceVersionDate "2016.10.25"]
[SourceQuality "1"]

1. d4 e6 2. c4 Nf6 3. Nc3 Bb4 4. Qc2 c5 5. dxc5 Qa5 6. Bd2 Qxc5 7. e3 d5 8. Nf3 dxc4 9. a3 Bxc3 10. Bxc3 Nc6 11. Bxf6 gxf6 12. b4 Qh5 13. Bxc4 Qg6 14. Bd3 f5 15. 0-0 Rg8 16. g3 Qg4 17. Be2 Qe4 18. Qc3 f4 19. Nd2 Qf5 20. Bd3 Qe5 21. Qxe5 Nxe5 22. Bxh7 fxe3 23. Bxg8 exd2 24. Bh7 f5 25. f4 Nc4 26. Bg6+ Ke7 27. Bh5 Bd7 28. Be2 Rc8 29. Bxc4 Rxc4 30. Ra2 Rc3 31. Rd1 Bc6 32. Rdxd2 Rc1+ 33. Kf2 Bd5 34. Rac2 Rh1 35. Ke3 Re1+ 36. Re2 Ra1 37. Rc3 Kd6 38. h4 b5 39. Rh2 Re1+ 40. Kd2 Ra1 41. h5 Be4 42. Rh4 Kd5 43. h6 Kd4 44. h7 Ra2+ 45. Kc1 1-0

[Event "NOR-chB"]
[Site "Oslo"]
[Date "2015.07.08"]
[Round "6"]
[White "Kovachev, Daniel Jakobsen"]
[Black "Ulvin, Dag"]
[Result "1-0"]
[WhiteElo "2256"]
[BlackElo "2178"]
[PlyCount "67"]
[EventDate "2015.07.04"]
[EventType "swiss"]
[EventRounds "9"]
[EventCountry "NOR"]
[SourceTitle "EXT 2017"]
[Source "ChessBase"]
[SourceDate "2016.10.25"]
[SourceVersion "1"]
[SourceVersionDate "2016.10.25"]
[SourceQuality "1"]

1. d4 c5 2. d5 d6 3. c4 g6 4. e4 Nf6 5. Nc3 Bg7 6. Bd3 0-0 7. Nge2 e6 8. 0-0 exd5 9. cxd5 a6 10. a4 Nbd7 11. Kh1 Ne5 12. Bc2 Nh5 13. f4 Ng4 14. h3 f5 15. Qe1 Ngf6 16. exf5 Bxf5 17. Bxf5 gxf5 18. Qh4 Bh8 19. g4 Ng7 20. Rg1 Ne4 21. Qxd8 Raxd8 22. Nxe4 fxe4 23. f5 Ne8 24. Nf4 Nc7 25. Ne6 Nxd5 26. Nxf8 Rxf8 27. Bh6 Re8 28. g5 Bxb2 29. Rab1 Bd4 30. Rxb7 Bxg1 31. f6 Ne7 32. Kxg1 Ng6 33. Rg7+ Kh8 34. f7 1-0

[Event "NOR-chB"]
[Site "Oslo"]
[Date "2015.07.04"]
[Round "5"]
[White "Kvisla, Johannes Luangtep"]
[Black "Kovachev, Daniel Jakobsen"]
[Result "0-1"]
[WhiteElo "2103"]
[BlackElo "2256"]
[PlyCount "104"]
[EventDate "2015.07.04"]
[EventType "swiss"]
[EventRounds "9"]
[EventCountry "NOR"]
[SourceTitle "EXT 2017"]
[Source "ChessBase"]
[SourceDate "2016.10.25"]
[SourceVersion "1"]
[SourceVersionDate "2016.10.25"]
[SourceQuality "1"]

1. d4 Nf6 2. c4 e6 3. Nc3 d5 4. Nf3 Be7 5. Bg5 h6 6. Bh4 0-0 7. e3 Ne4 8. Bxe7 Qxe7 9. cxd5 Nxc3 10. bxc3 exd5 11. Be2 c5 12. 0-0 Nc6 13. Rb1 b6 14. Bb5 Bb7 15. Bxc6 Bxc6 16. Ne5 Rac8 17. Qf3 Bb7 18. Rfc1 Rc7 19. h3 Rfc8 20. Re1 cxd4 21. cxd4 Rc2 22. a4 Ra2 23. Ra1 Rcc2 24. Rxa2 Rxa2 25. Rc1 Rxa4 26. Qg3 Qd6 27. Qf3 f6 28. Ng6 a5 29. Qf5 Rc4 30. Rxc4 dxc4 31. Qb5 Kf7 32. Nf4 Qc6 33. Qh5+ Kg8 34. d5 Qd7 35. e4 a4 36. e5 fxe5 37. Qxe5 a3 38. Ng6 a2 39. Qb8+ Bc8 40. Qa8 Qe8 41. Qxa2 Qxg6 42. Qxc4 Bxh3 43. d6+ Kh7 44. Qd5 Bd7 45. Qd4 b5 46. f4 Qb1+ 47. Kh2 Qc2 48. Qe3 Bc6 49. Qh3 Qe4 50. d7 Qxf4+ 51. Kh1 Qd6 52. Qf5+ Kh8 0-1

[Event "Oslo Nordstrand op"]
[Site "Oslo"]
[Date "2015.04.17"]
[Round "2"]
[White "Kovachev, Daniel Jakobsen"]
[Black "Gonzalez, Francisco Silva"]
[Result "1-0"]
[WhiteElo "2277"]
[BlackElo "2135"]
[PlyCount "129"]
[EventDate "2015.04.17"]
[EventType "swiss"]
[EventRounds "5"]
[EventCountry "NOR"]
[SourceTitle "CBM 166 Extra"]
[Source "ChessBase"]
[SourceDate "2015.06.18"]
[SourceVersion "1"]
[SourceVersionDate "2015.06.18"]
[SourceQuality "1"]

1. d4 Nf6 2. Bg5 c5 3. Bxf6 gxf6 4. d5 Qb6 5. Qc1 Bg7 6. c4 f5 7. Nc3 d6 8. e3 Nd7 9. f4 Qb4 10. Nf3 Nb6 11. Nd2 Na4 12. Nxa4 Qxa4 13. Bd3 Bd7 14. 0-0 0-0-0 15. Nb1 h5 16. Nc3 Qa5 17. Qc2 e6 18. Rad1 h4 19. Rd2 h3 20. g3 Kb8 21. Be2 Rhe8 22. dxe6 Bxe6 23. Rfd1 Bc8 24. Kf2 Qb6 25. Bd3 d5 26. Nxd5 Rxd5 27. cxd5 c4 28. Bxc4 Qxe3+ 29. Kf1 Qf3+ 30. Kg1 Qe3+ 31. Kf1 Qf3+ 32. Kg1 Qe3+ 33. Rf2 Bd4 34. Rxd4 Qxd4 35. Bf1 Qxd5 36. Bxh3 Bd7 37. Qd2 Qe6 38. Bf1 Bc6 39. Re2 Be4 40. a3 Qb6+ 41. Qe3 Qc7 42. Rd2 Bc6 43. Qd4 Ka8 44. Kf2 a6 45. h3 Be4 46. h4 Qc1 47. Qc3 Qa1 48. h5 Bc6 49. Re2 Rxe2+ 50. Bxe2 Qh1 51. b4 Ka7 52. Qc5+ Kb8 53. Qe3 f6 54. Qb3 Be4 55. Qc3 Ka7 56. a4 Kb8 57. b5 axb5 58. axb5 b6 59. Ke3 Qg1+ 60. Kd2 Qh2 61. Qxf6 Bf3 62. Qxb6+ Kc8 63. Qe6+ Kb7 64. Qe7+ Kb8 65. b6 1-0

[Event "Oslo Nordstrand op"]
[Site "Oslo"]
[Date "2015.04.17"]
[Round "4"]
[White "Kovachev, Daniel Jakobsen"]
[Black "Ranaldi, Lucas"]
[Result "1/2-1/2"]
[WhiteElo "2277"]
[BlackElo "2019"]
[PlyCount "100"]
[EventDate "2015.04.17"]
[EventType "swiss"]
[EventRounds "5"]
[EventCountry "NOR"]
[SourceTitle "CBM 166 Extra"]
[Source "ChessBase"]
[SourceDate "2015.06.18"]
[SourceVersion "1"]
[SourceVersionDate "2015.06.18"]
[SourceQuality "1"]

1. d4 Nf6 2. Nf3 e6 3. e3 d5 4. Bd3 Bd6 5. b3 0-0 6. Nbd2 Nbd7 7. Bb2 b6 8. e4 dxe4 9. Nxe4 Be7 10. 0-0 Bb7 11. Qe2 Nxe4 12. Bxe4 Bxe4 13. Qxe4 Nf6 14. Qe2 c6 15. c4 Qc7 16. Rad1 Rfd8 17. Rd3 h6 18. g3 Qb7 19. Bc3 b5 20. Re1 a5 21. Ne5 Bd6 22. Red1 a4 23. Qf3 Rdc8 24. g4 axb3 25. axb3 bxc4 26. bxc4 Rc7 27. Kg2 Ra4 28. h3 Nh7 29. h4 Nf8 30. c5 Bxe5 31. dxe5 Rc8 32. Kg3 Qe7 33. Rd4 Rxd4 34. Bxd4 Ng6 35. h5 Qh4+ 36. Kg2 Ne7 37. Ra1 Rd8 38. Be3 Nd5 39. Bd2 Qe7 40. Ra5 Rb8 41. Qe4 Qc7 42. Ra6 Qb7 43. Qd3 Ra8 44. Rxa8+ Qxa8 45. Qd4 Qa6 46. g5 Qe2 47. gxh6 Qxh5 48. hxg7 Kxg7 49. f3 Qg6+ 50. Kf2 Qh5 1/2-1/2

[Event "Oslo op-B"]
[Site "Oslo"]
[Date "2014.09.28"]
[Round "1"]
[White "Kovachev, Daniel Jakobsen"]
[Black "Berntsen Oybo, August"]
[Result "1-0"]
[WhiteElo "2289"]
[BlackElo "1676"]
[PlyCount "81"]
[EventDate "2014.09.28"]
[EventType "swiss"]
[EventRounds "9"]
[EventCountry "NOR"]
[SourceTitle "EXT 2017"]
[Source "ChessBase"]
[SourceDate "2016.10.25"]
[SourceVersion "1"]
[SourceVersionDate "2016.10.25"]
[SourceQuality "1"]

1. e4 c5 2. Nf3 Nc6 3. Bb5 d6 4. Bxc6+ bxc6 5. 0-0 g6 6. e5 dxe5 7. Nxe5 Bg7 8. Re1 Qc7 9. Qe2 Be6 10. Na3 Nf6 11. Nac4 0-0 12. b3 Nd7 13. Bb2 Rad8 14. Rad1 Nb6 15. Ba3 Rd5 16. g3 Nxc4 17. Nxc4 Qd7 18. Bb2 Bxb2 19. Nxb2 Rd8 20. d3 Rh5 21. Nc4 Bd5 22. f3 Be6 23. Ne3 Qd4 24. Qf2 Rd7 25. Rd2 Bd5 26. Rde2 Kf8 27. f4 f5 28. Nf1 Qxf2+ 29. Kxf2 g5 30. fxg5 Rxg5 31. Re5 Bf7 32. Rxc5 Rc7 33. h4 Rh5 34. Ree5 e6 35. Ne3 Ke7 36. g4 Rxh4 37. Nxf5+ Kd7 38. Nxh4 Kd6 39. Nf3 h6 40. Nd2 Rc8 41. Ne4+ 1-0